[Event "Staatsliga B/Mitte"]
[Site "St. Valentin"]
[Date "1998.01.24"]
[Round "7"]
[White "Loeffler, Christoph"]
[Black "Kilgus, Georg"]
[Result "1-0"]
[WhiteElo "2055"]
[BlackElo "2210"]
[PlyCount "99"]
[EventDate "1998.11.27"]

1. e4 c5 2. Nc3 Nc6 3. f4 g6 4. Nf3 Bg7 5. Bc4 e6 6. f5 Nge7 7. fxe6 dxe6 8. d3
O-O 9. O-O h6 10. a4 Nd4 11. Nb5 Nec6 12. Nbxd4 cxd4 13. Qe1 a5 14. Bd2 Kh7 15.
Qg3 f5 16. exf5 exf5 17. Ng5+ Kh8 18. Nf7+ Rxf7 19. Bxf7 g5 20. Rae1 f4 21. Qf3
Ne5 22. Qd5 Qxd5 23. Bxd5 Bd7 24. b3 Ra7 25. h3 b6 26. Re2 Rc7 27. Bc1 Ng6 28.
Ba3 Bf6 29. Bd6 Rc3 30. Bc4 Nh4 31. Bc7 Nf5 32. Bxb6 Ne3 33. Bxa5 Rxc2 34. Rxc2
Nxc2 35. Bb6 Ne3 36. Rf2 Kg7 37. a5 Bc6 38. Bc5 Nd1 39. Rd2 Nc3 40. b4 h5 41.
a6 g4 42. hxg4 hxg4 43. Rb2 f3 44. gxf3 gxf3 45. Kf1 Ba4 46. a7 Bc6 47. b5 Bb7
48. b6 Na4 49. a8=Q Bxa8 50. b7 1-0

[Event "Staatsliga B/Mitte"]
[Site "St. Valentin"]
[Date "1998.01.24"]
[Round "7"]
[White "Riediger, Martin"]
[Black "Heimberger, Reinhard Ing."]
[Result "1-0"]
[WhiteElo "2210"]
[BlackElo "2280"]
[PlyCount "57"]
[EventDate "1998.11.27"]

1. e4 c5 2. Nf3 e6 3. c3 b6 4. d4 Bb7 5. Bd3 d6 6. O-O Nf6 7. Re1 Be7 8. a3 c4
9. Bc2 Nbd7 10. Bf4 Qc7 11. h3 O-O 12. Nbd2 Rfd8 13. Qe2 b5 14. Bh2 Nf8 15. e5
N6d7 16. Ne4 dxe5 17. Nxe5 Nxe5 18. Bxe5 Qc6 19. f3 Nd7 20. Bf4 h6 21. Qf2 Nf6
22. Nxf6+ Bxf6 23. Qg3 Kh8 24. Be5 Bxe5 25. Rxe5 Qc7 26. Rae1 f6 27. Qg6 Kg8
28. Rxe6 Qf7 29. Qxf7+ 1-0

[Event "Staatsliga B/Mitte"]
[Site "St. Valentin"]
[Date "1998.01.24"]
[Round "7"]
[White "Trauner, Rudolf Mag."]
[Black "Hackbarth, Wolfgang"]
[Result "1/2-1/2"]
[WhiteElo "2255"]
[BlackElo "2190"]
[PlyCount "74"]
[EventDate "1998.11.27"]

1. Nf3 g6 2. c4 Bg7 3. Nc3 c5 4. g3 Nc6 5. Bg2 e5 6. d3 Nge7 7. O-O O-O 8. e4
d6 9. h3 h6 10. Kh2 Nd4 11. Nxd4 cxd4 12. Nd5 Nxd5 13. exd5 f5 14. f4 Re8 15.
Re1 Bd7 16. Bd2 Qf6 17. Qf3 Rac8 18. Rac1 b6 19. b4 Bf8 20. a3 b5 21. fxe5 Rxe5
22. cxb5 Rxc1 23. Rxc1 Bxb5 24. a4 Bxa4 25. Ra1 Bb3 26. Rxa7 Bxd5 27. Qxd5+
Rxd5 28. Bxd5+ Kh8 29. Rf7 Qd8 30. b5 Bg7 31. Ra7 Kh7 32. Ra8 Qc7 33. Bg8+ Kh8
34. Bb3+ Kh7 35. Ba5 Qc1 36. Bg8+ Kh8 37. Bd5+ Kh7 1/2-1/2

[Event "Staatsliga B/Mitte"]
[Site "St. Valentin"]
[Date "1998.01.24"]
[Round "7"]
[White "Fruehauf, Norbert Ing."]
[Black "Tober, Gerhard"]
[Result "0-1"]
[WhiteElo "2150"]
[BlackElo "2210"]
[PlyCount "66"]
[EventDate "1998.11.27"]

1. e4 g6 2. d4 Bg7 3. c4 d6 4. Nc3 Nf6 5. f3 O-O 6. Be3 e5 7. d5 a5 8. Qd2 Na6
9. Bd3 Nd7 10. h4 f5 11. O-O-O Ndc5 12. Bc2 Bd7 13. Nh3 Rb8 14. Nb5 a4 15. Kb1
f4 16. Bf2 Bf6 17. Ng1 Be7 18. Rc1 c6 19. Na3 b5 20. cxb5 cxb5 21. Bd3 b4 22.
Nc4 Bb5 23. Qe2 Qd7 24. Nh3 Rfc8 25. Rhd1 Rc7 26. Qf1 b3 27. a3 Nxd3 28. Qxd3
Rbc8 29. Rc3 Rxc4 30. Rxc4 Rxc4 31. Qd2 Qc7 32. Rc1 Rxc1+ 33. Qxc1 Bd3+ 0-1

[Event "Staatsliga B/Mitte"]
[Site "St. Valentin"]
[Date "1998.01.24"]
[Round "7"]
[White "Ankerst, Michael"]
[Black "Wukits, Rene"]
[Result "0-1"]
[WhiteElo "2330"]
[BlackElo "2230"]
[PlyCount "65"]
[EventDate "1998.11.27"]

1. e4 c5 2. Nf3 d6 3. d4 cxd4 4. Nxd4 Nf6 5. Nc3 g6 6. Be3 Bg7 7. f3 O-O 8. Qd2
Nc6 9. Bc4 Bd7 10. O-O-O Rc8 11. Bb3 Ne5 12. Kb1 Nc4 13. Bxc4 Rxc4 14. g4 b5
15. h4 b4 16. Nd5 Nxd5 17. exd5 e5 18. dxe6 fxe6 19. h5 Qf6 20. b3 Rc3 21. h6
Bh8 22. Bg5 Qf7 23. Ne2 Rc5 24. f4 Rfc8 25. Rc1 Bc6 26. Rhe1 Be4 27. Nd4 Qb7
28. Qe3 d5 29. Re2 Qa6 30. Be7 R5c7 31. Bxb4 Qb6 32. Rd2 Qxb4 33. Nxe6 0-1

[Event "Staatsliga B/Mitte"]
[Site "St. Valentin"]
[Date "1998.01.24"]
[Round "7"]
[White "Kreindl, Helmut"]
[Black "Opl, Klaus Dr."]
[Result "1/2-1/2"]
[WhiteElo "2270"]
[BlackElo "2330"]
[PlyCount "155"]
[EventDate "1998.11.27"]

1. e4 e5 2. Bc4 Nf6 3. d3 Be7 4. Nf3 Nc6 5. O-O O-O 6. Re1 d6 7. c3 Na5 8. Nbd2
Nxc4 9. Nxc4 Re8 10. Bg5 h6 11. Bd2 Bf8 12. Qc2 g6 13. Rad1 Bg4 14. Ne3 Bxf3
15. gxf3 Qd7 16. Ng2 Qh3 17. Re3 Nh5 18. f4 Qg4 19. f3 Qh3 20. fxe5 dxe5 21. d4
Qd7 22. Rd3 Rad8 23. Be3 Qe7 24. d5 Qf6 25. Qe2 Kh7 26. c4 b6 27. c5 g5 28. d6
cxd6 29. cxb6 axb6 30. Bxb6 Ra8 31. a3 d5 32. Bf2 d4 33. b4 Rec8 34. Qb2 Qa6
35. Qb3 Qc4 36. Qxc4 Rxc4 37. Be1 Nf6 38. Rb3 Nd7 39. Rdb1 Nb6 40. R1b2 Rc1 41.
Ra2 Na4 42. Kf2 Rac8 43. Ke2 Be7 44. Rd3 Bd8 45. Rd1 R1c4 46. Rd3 Bb6 47. Bd2
Rc2 48. Rxc2 Rxc2 49. Rb3 Ra2 50. Ne1 Nb2 51. Bc1 Na4+ 52. Bd2 f6 53. Nd3 Nc3+
54. Ke1 Ra1+ 55. Nc1 Nb5 56. Ke2 Nxa3 57. Kd3 Nb5 58. Kc4 Nc7 59. Rb2 Kg6 60.
Rc2 f5 61. Kb3 fxe4 62. Rc6+ Kf5 63. fxe4+ Kxe4 64. Rxb6 Nd5 65. Rxh6 Nf4 66.
h4 g4 67. Rh8 g3 68. Rg8 Kf3 69. b5 g2 70. Kb2 Ra7 71. Bxf4 exf4 72. Nd3 Rb7
73. Nxf4 Kxf4 74. Rxg2 Rxb5+ 75. Kc2 Rh5 76. Rh2 Ke3 77. Rh3+ Ke4 78. Kd2
1/2-1/2

[Event "Staatsliga B/Mitte"]
[Site "St. Valentin"]
[Date "1998.01.24"]
[Round "7"]
[White "Eichler, Christoph"]
[Black "Froeschl, Felix"]
[Result "1/2-1/2"]
[WhiteElo "2255"]
[BlackElo "2240"]
[PlyCount "23"]
[EventDate "1998.11.27"]

1. d4 Nf6 2. Nf3 b6 3. g3 Bb7 4. Bg2 c5 5. c3 e6 6. O-O Be7 7. Qb3 cxd4 8. cxd4
O-O 9. Nc3 d5 10. Ne5 Nc6 11. Nxc6 Bxc6 12. Bg5 1/2-1/2

[Event "Staatsliga B/Mitte"]
[Site "St. Valentin"]
[Date "1998.01.24"]
[Round "7"]
[White "Wallner, Alfred"]
[Black "Peterwagner, Heinz"]
[Result "1-0"]
[WhiteElo "2270"]
[BlackElo "2215"]
[PlyCount "99"]
[EventDate "1998.11.27"]

1. e4 c5 2. Nf3 Nc6 3. d4 cxd4 4. Nxd4 Nf6 5. Nc3 e5 6. Ndb5 d6 7. Bg5 a6 8.
Na3 b5 9. Bxf6 gxf6 10. Nd5 Bg7 11. c3 f5 12. exf5 Bxf5 13. Nc2 O-O 14. Nce3
Be6 15. Bd3 f5 16. Qh5 Qd7 17. a4 Rab8 18. axb5 axb5 19. Ra6 Kh8 20. O-O b4 21.
Rd1 bxc3 22. bxc3 Rb2 23. Nb6 Qb7 24. Nbc4 Qxa6 25. Nxb2 Qc8 26. Nbc4 e4 27.
Nxd6 Qc7 28. Bc4 Bxc4 29. Nexc4 Ne7 30. Nf7+ Kg8 31. Ncd6 Qxc3 32. Ng5 h6 33.
Ne6 Qf6 34. Nxf8 Bxf8 35. g3 Qe6 36. Qe2 Kh7 37. Qc4 Qe5 38. Qf7+ Bg7 39. Ne8
e3 40. Nxg7 exf2+ 41. Kxf2 Qb2+ 42. Kf1 Qb5+ 43. Kg1 Qb6+ 44. Kg2 Qb2+ 45. Kh3
Qxg7 46. Qxg7+ Kxg7 47. Rd7 Kf6 48. Kh4 Ng6+ 49. Kh5 Ne5 50. Rd6+ 1-0

[Event "Staatsliga B/Mitte"]
[Site "St. Valentin"]
[Date "1998.01.24"]
[Round "7"]
[White "Hamberger, Hermann"]
[Black "Kargl, Kurt"]
[Result "1/2-1/2"]
[WhiteElo "2170"]
[BlackElo "2245"]
[PlyCount "27"]
[EventDate "1998.11.27"]

1. e4 e5 2. Nf3 Nc6 3. Bc4 Be7 4. d4 d6 5. c3 Nf6 6. Nbd2 O-O 7. Qe2 exd4 8.
cxd4 d5 9. exd5 Nb4 10. O-O Bf5 11. Nh4 Bg4 12. Ndf3 Re8 13. h3 Bh5 14. Qd1
1/2-1/2

[Event "Staatsliga B/Mitte"]
[Site "St. Valentin"]
[Date "1998.01.24"]
[Round "7"]
[White "Schmidt, Peter"]
[Black "Uhlmann, Wolfgang"]
[Result "1/2-1/2"]
[WhiteElo "2340"]
[BlackElo "2460"]
[PlyCount "39"]
[EventDate "1998.11.27"]

1. e4 e6 2. d4 d5 3. Nd2 c5 4. exd5 exd5 5. Ngf3 Nc6 6. Bb5 Bd6 7. dxc5 Bxc5 8.
O-O Nge7 9. Nb3 Bd6 10. Re1 O-O 11. Bg5 Bg4 12. Be2 Bh5 13. Nfd4 Bg6 14. Bd3
Re8 15. c3 a6 16. Bxg6 hxg6 17. Nf3 Qc7 18. Bxe7 Nxe7 19. Qd4 Qc6 20. Rad1
1/2-1/2

[Event "Staatsliga B/Mitte"]
[Site "St. Valentin"]
[Date "1998.01.24"]
[Round "7"]
[White "Wegener, Dirk"]
[Black "Kaiser, Wolfgang"]
[Result "0-1"]
[WhiteElo "2305"]
[BlackElo "2395"]
[PlyCount "82"]
[EventDate "1998.11.27"]

1. e4 c5 2. Nf3 d6 3. d4 cxd4 4. Nxd4 Nf6 5. Nc3 g6 6. Be3 Bg7 7. f3 O-O 8. Qd2
Nc6 9. Bc4 Bd7 10. h4 Rc8 11. Bb3 h5 12. O-O-O Ne5 13. Bg5 Rc5 14. f4 Neg4 15.
f5 gxf5 16. exf5 Bxf5 17. Nxf5 Rxf5 18. Rhf1 Qa5 19. Rf3 Rc5 20. Kb1 Rfc8 21.
Qf4 Rxc3 22. bxc3 Rxc3 23. Rdf1 Ne5 24. Qf5 Rxf3 25. gxf3 e6 26. Qh3 Nd5 27.
Rg1 Nc3+ 28. Ka1 Ng4 29. fxg4 Ne2+ 30. Kb1 Nxg1 31. Qe3 Qc5 32. Qxc5 dxc5 33.
gxh5 Ne2 34. Bc4 Nc3+ 35. Kc1 b5 36. Bd3 c4 37. h6 Be5 38. h7+ Kh8 39. Bf1
Nxa2+ 40. Kd2 Kxh7 41. Bg2 Nb4 0-1

[Event "Staatsliga B/Mitte"]
[Site "St. Valentin"]
[Date "1998.01.24"]
[Round "7"]
[White "Schlingensiepen, Christian"]
[Black "Baumgartner, Heinz"]
[Result "1/2-1/2"]
[WhiteElo "2340"]
[BlackElo "2300"]
[PlyCount "69"]
[EventDate "1998.11.27"]

1. e4 e5 2. Nf3 Nc6 3. Bc4 Nf6 4. d3 Bc5 5. c3 d6 6. Nbd2 O-O 7. a4 a5 8. O-O
Be6 9. Bxe6 fxe6 10. Nc4 Ba7 11. Re1 Ng4 12. Ne3 Nxe3 13. Bxe3 Bxe3 14. Rxe3
Qf6 15. Qb3 Rab8 16. Qc4 Rf7 17. Rd1 Rbf8 18. d4 Qg6 19. Kf1 Kh8 20. Rd2 exd4
21. cxd4 Nb4 22. Qb5 b6 23. Qg5 Qxg5 24. Nxg5 Re7 25. Ke2 h6 26. Nh3 g5 27. f3
Kg7 28. Rc3 Rff7 29. g3 e5 30. d5 Kg6 31. Nf2 h5 32. Rd1 Re8 33. h3 Ref8 34.
Rf1 Kg7 35. Rg1 1/2-1/2

[Event "Staatsliga B/Mitte"]
[Site "St. Valentin"]
[Date "1998.01.24"]
[Round "7"]
[White "Rolletschek, Heinrich Dr."]
[Black "Schueller, Ernst"]
[Result "1/2-1/2"]
[WhiteElo "2300"]
[BlackElo "2255"]
[PlyCount "101"]
[EventDate "1998.11.27"]

1. e4 d6 2. g3 e5 3. Bg2 Nc6 4. Ne2 h5 5. d4 h4 6. dxe5 dxe5 7. Qxd8+ Nxd8 8.
Be3 Nf6 9. f3 hxg3 10. hxg3 Rxh1+ 11. Bxh1 Ne6 12. Nd2 b6 13. Bg2 Ba6 14. Nb3
Bb4+ 15. Kf2 Ke7 16. a3 Bd6 17. Rh1 g5 18. Nc3 c6 19. Bf1 Bxf1 20. Rxf1 Rh8 21.
Kg2 g4 22. f4 exf4 23. gxf4 Rh3 24. Bd2 Nh5 25. Ne2 c5 26. Nbc1 c4 27. Na2 f5
28. Nac3 Bc5 29. Be1 fxe4 30. Nxe4 Be3 31. Bg3 Nf6 32. N2c3 Bd4 33. f5 Ng7 34.
Nxf6 Bxf6 35. Nd5+ Kf7 36. c3 b5 37. Bb8 Rd3 38. Nb4 Rd2+ 39. Kg3 a5 40. Nc6
Rxb2 41. Be5 Re2 42. Bxf6 Kxf6 43. Kxg4 Re3 44. Rf3 Re4+ 45. Rf4 Re1 46. Nd4 b4
47. cxb4 axb4 48. axb4 c3 49. Kf3 Rf1+ 50. Ke4 Rxf4+ 51. Kxf4 1/2-1/2

[Event "Staatsliga B/Mitte"]
[Site "St. Valentin"]
[Date "1998.01.24"]
[Round "7"]
[White "Denk, Adolf"]
[Black "Niedermayr, Horst"]
[Result "1/2-1/2"]
[WhiteElo "2265"]
[BlackElo "2225"]
[PlyCount "52"]
[EventDate "1998.11.27"]

1. e4 d5 2. Nc3 dxe4 3. Nxe4 Qd5 4. Nc3 Qa5 5. Bc4 Nf6 6. d4 c6 7. Nge2 Bf5 8.
Bd2 Qd8 9. O-O e6 10. Bf4 Be7 11. Bd3 Bg6 12. Qd2 Nbd7 13. Ng3 Nd5 14. Nce4
Nxf4 15. Qxf4 Nf6 16. Nxf6+ Bxf6 17. Rad1 Qa5 18. a3 Rd8 19. c3 O-O 20. Bxg6
hxg6 21. Ne4 Be7 22. b4 Qd5 23. Rde1 Rd7 24. Re3 Bd6 25. Qh4 Be7 26. Qf4 Bd6
1/2-1/2

[Event "Staatsliga B/Mitte"]
[Site "St. Valentin"]
[Date "1998.01.24"]
[Round "7"]
[White "Winiwarter, Felix Dr."]
[Black "Humer, Wolfgang"]
[Result "0-1"]
[WhiteElo "2200"]
[BlackElo "2280"]
[PlyCount "110"]
[EventDate "1998.11.27"]

1. e4 c5 2. Nf3 Nc6 3. d4 cxd4 4. Nxd4 g6 5. Nc3 Bg7 6. Be3 Nf6 7. Be2 O-O 8.
Nb3 d6 9. f4 Qc7 10. g4 Be6 11. f5 Bxb3 12. axb3 d5 13. exd5 Qe5 14. Qd2 Ne4
15. Nxe4 Qxe4 16. O-O Bd4 17. Bxd4 Nxd4 18. Bd1 Qxd5 19. Qh6 Rfd8 20. c3 Nxb3
21. Bxb3 Qxb3 22. Rae1 Rd7 23. Rxe7 Qb6+ 24. Rf2 Rd1+ 25. Kg2 Qc6+ 26. Kh3 Rd3+
27. Re3 Rxe3+ 28. Qxe3 Re8 29. Qd4 gxf5 30. Rxf5 Qh6+ 31. Rh5 Qe3+ 32. Qxe3
Rxe3+ 33. Kh4 Re2 34. Kg5 Rxb2 35. Kf6 Rb6+ 36. Ke7 Re6+ 37. Kd7 Rc6 38. Rh3
Kg7 39. Rf3 Rh6 40. h3 Rc6 41. Ke7 Re6+ 42. Kd7 b5 43. Rf5 a6 44. Rg5+ Kf8 45.
Rh5 Re3 46. Rxh7 Rd3+ 47. Kc6 Kg8 48. Rh6 Rxc3+ 49. Kb6 Ra3 50. Kc5 Kg7 51. g5
Rc3+ 52. Kb6 b4 53. Kxa6 b3 54. Ka5 b2 55. Rb6 Ra3+ 0-1

[Event "Staatsliga B/Mitte"]
[Site "St. Valentin"]
[Date "1998.01.24"]
[Round "7"]
[White "Haba, Petr"]
[Black "Beim, Valery"]
[Result "1/2-1/2"]
[WhiteElo "2515"]
[BlackElo "2565"]
[PlyCount "31"]
[EventDate "1998.11.27"]

1. e4 d6 2. d4 Nf6 3. f3 d5 4. e5 Ng8 5. c4 dxc4 6. Bxc4 e6 7. Be3 Ne7 8. Ne2
Nd7 9. Nbc3 Nf5 10. Bf2 c5 11. dxc5 Bxc5 12. Bxc5 Nxc5 13. Qxd8+ Kxd8 14. Kf2
a6 15. Rhd1+ Ke7 16. Nd4 1/2-1/2

[Event "Staatsliga B/Mitte"]
[Site "St. Valentin"]
[Date "1998.01.24"]
[Round "7"]
[White "Mayr, Klaus Dr."]
[Black "Steiner, Guenther"]
[Result "1-0"]
[WhiteElo "2310"]
[BlackElo "2240"]
[PlyCount "53"]
[EventDate "1998.11.27"]

1. e4 c6 2. d4 d5 3. exd5 cxd5 4. Bd3 Nc6 5. c3 Qc7 6. Ne2 e6 7. Bf4 Bd6 8.
Bxd6 Qxd6 9. O-O Nge7 10. Nd2 Bd7 11. Nf3 Ng6 12. Qd2 a6 13. Rfe1 Na5 14. Ng3
Nc4 15. Bxc4 dxc4 16. Nf5 Qf8 17. Qe2 Bc6 18. Qxc4 O-O-O 19. Ng3 Kb8 20. Ne5
Bd5 21. Qa4 Nf4 22. Ne4 f5 23. Nc5 Qe7 24. f3 Qh4 25. Qc2 g5 26. c4 Nh3+ 27.
gxh3 1-0

[Event "Staatsliga B/Mitte"]
[Site "St. Valentin"]
[Date "1998.01.24"]
[Round "7"]
[White "Tscholowitsch, Christian"]
[Black "Brandstaetter, Friedrich"]
[Result "1/2-1/2"]
[WhiteElo "2200"]
[BlackElo "2135"]
[PlyCount "25"]
[EventDate "1998.11.27"]

1. d4 Nf6 2. g3 d5 3. Bg2 e6 4. Nf3 Be7 5. O-O O-O 6. c4 c5 7. cxd5 exd5 8.
dxc5 Bxc5 9. Bg5 Nc6 10. Nc3 d4 11. Ne4 Be7 12. Bxf6 Bxf6 13. Qd2 1/2-1/2

[Event "Staatsliga B/Mitte"]
[Site "St. Valentin"]
[Date "1998.01.24"]
[Round "7"]
[White "Hainzinger, Johann"]
[Black "Doppelhammer, Herbert"]
[Result "1/2-1/2"]
[WhiteElo "2065"]
[BlackElo "2130"]
[PlyCount "36"]
[EventDate "1998.11.27"]

1. Nc3 d5 2. e4 dxe4 3. Nxe4 Bf5 4. Ng3 Bg6 5. h4 h6 6. h5 Bh7 7. Qf3 c6 8. Bc4
e6 9. d3 Nf6 10. Bd2 Nbd7 11. Qe2 Be7 12. Bc3 Nb6 13. Bb3 Nbd5 14. Bxd5 cxd5
15. Nf3 Qb6 16. O-O O-O 17. Bd4 Qc7 18. Ne5 Bc5 1/2-1/2